Standard practice (Record no. 75454)
[ view plain ]
| 000 -LEADER | |
|---|---|
| fixed length control field | 01195cab a2200229 4500 |
| 001 - CONTROL NUMBER | |
| control field | L130116 |
| 008 - FIXED-LENGTH DATA ELEMENTS--GENERAL INFORMATION | |
| fixed length control field | 050624n2005 000 0 eng u |
| 035 ## - SYSTEM CONTROL NUMBER | |
| System control number | (Sirsi) u130116 |
| 041 ## - LANGUAGE CODE | |
| Language code of text/sound track or separate title | eng |
| 100 ## - MAIN ENTRY--PERSONAL NAME | |
| Personal name | Webb, Alan |
| 245 ## - TITLE STATEMENT | |
| Title | Standard practice |
| 260 ## - PUBLICATION, DISTRIBUTION, ETC. | |
| Date of publication, distribution, etc. | 2005 |
| 490 ## - SERIES STATEMENT | |
| Series statement | Project |
| Volume/sequential designation | 18(1) June 2005, 28(1) |
| 520 ## - SUMMARY, ETC. | |
| Summary, etc. | Examines the production of management standards which are increasing in their numbers and influence. Notes how the Association of Project Management is making sure that it has an input into the committees within the British Standards Institution that decide these standards. This is to ensure that the standards conform to the realities of the work of project managers. Mentions the BS 5750 series of total quality management standards published during the 1980s which was widely seen as a guarantee of quality but attracted widespread criticism for being inappropriate to actual circumstance and for money being spent for no clear business benefit. |
| 590 ## - LOCAL NOTE (RLIN) | |
| Local note | IKA040705 |
| 650 ## - SUBJECT ADDED ENTRY--TOPICAL TERM | |
| Topical term or geographic name entry element | BS 5750 |
| 650 ## - SUBJECT ADDED ENTRY--TOPICAL TERM | |
| Topical term or geographic name entry element | ANSI/EIA-748-1988 |
| 650 ## - SUBJECT ADDED ENTRY--TOPICAL TERM | |
| Topical term or geographic name entry element | DODI 7000.2 |
| 650 ## - SUBJECT ADDED ENTRY--TOPICAL TERM | |
| Topical term or geographic name entry element | ISO 9000 |
| 690 ## - LOCAL SUBJECT ADDED ENTRY--TOPICAL TERM (OCLC, RLIN) | |
| Topical term or geographic name as entry element | MANAGEMENT-QUALITY MANAGEMENT-QUALITY ASSURANCE |
| 942 ## - ADDED ENTRY ELEMENTS (KOHA) | |
| Suppress in OPAC | 0 |
| Withdrawn status | Lost status | Source of classification or shelving scheme | Damaged status | Not for loan | Home library | Current library | Shelving location | Date acquired | Total Checkouts | Full call number | Barcode | Date last seen | Copy number | Price effective from | Koha item type |
|---|---|---|---|---|---|---|---|---|---|---|---|---|---|---|---|
| Dewey Decimal Classification | London | London | Journal article | 24/06/2005 | L130116 | 130116-1002 | 06/08/2019 | 2 | 06/08/2019 | Journal article |